[Event "Héviz GM"]
[Site "Hévíz"]
[Date "2015.10.07"]
[Round "6.3"]
[White "Nomin-Erdene, Davaademberel"]
[Black "Korpa, Bence"]
[Result "0-1"]
[WhiteElo "2424"]
[BlackElo "2430"]
[PlyCount "96"]
[EventDate "2015.10.02"]
[EventType "tourn"]
[EventRounds "9"]
[EventCountry "HUN"]
[EventCategory "9"]

1. e4 c5 2. Nf3 a6 3. c4 e6 4. Nc3 Qc7 5. d4 cxd4 6. Nxd4 Nf6 7. a3 b6 8. Be3
Bb7 9. f3 d6 10. Be2 Be7 11. Qd2 Nbd7 12. O-O O-O 13. b4 Rfc8 14. Rac1 Qd8 15.
Nb3 Rab8 16. Rfd1 Qf8 17. Rc2 h6 18. Qc1 Rc7 19. Rdd2 Ba8 20. Kh1 g5 21. Qg1
Qc8 22. Na4 Rc6 23. Qc1 Qf8 24. Qg1 Bd8 25. Rc3 Ne5 26. Bd4 Ng6 27. b5 axb5 28.
cxb5 Rxc3 29. Bxc3 Nd7 30. Nb2 Rc8 31. Bb4 Nc5 32. Nd4 Ne5 33. Rc2 Bf6 34. Nc4
Nxc4 35. Bxc4 Kh8 36. Rc1 Qg7 37. Ne2 Be5 38. Qd1 g4 39. Ba2 gxf3 40. gxf3 Rg8
41. Qf1 Nxe4 42. Bb1 Qf6 43. Bxe4 Qh4 44. Ng3 Bxg3 45. Bc3+ e5 46. Rc2 Bxe4 47.
fxe4 Qxe4+ 48. Qg2 Bf2 0-1

[Event "Héviz GM"]
[Site "Hévíz"]
[Date "2015.10.07"]
[Round "6.4"]
[White "Varga, Zoltan"]
[Black "Vorobiov, Evgeny E"]
[Result "0-1"]
[WhiteElo "2460"]
[BlackElo "2580"]
[PlyCount "52"]
[EventDate "2015.10.02"]
[EventType "tourn"]
[EventRounds "9"]
[EventCountry "HUN"]
[EventCategory "9"]

1. e4 c5 2. Nf3 e6 3. d4 cxd4 4. Nxd4 Nf6 5. Nc3 d6 6. g3 Nc6 7. Bg2 Bd7 8. O-O
Be7 9. Re1 O-O 10. h3 a6 11. Nxc6 Bxc6 12. e5 dxe5 13. Bxc6 bxc6 14. Rxe5 Nd5
15. Na4 Rb8 16. Re2 Nb6 17. Rd2 Qc7 18. Nxb6 Qxb6 19. c4 Bc5 20. Qe2 Bd4 21.
Rb1 c5 22. b3 e5 23. Bb2 Qg6 24. Bxd4 Qxb1+ 25. Rd1 Qxd1+ 26. Qxd1 exd4 0-1

[Event "Héviz GM"]
[Site "Hévíz"]
[Date "2015.10.07"]
[Round "6.5"]
[White "Kozak, Adam"]
[Black "Kantor, Gergely"]
[Result "1/2-1/2"]
[WhiteElo "2349"]
[BlackElo "2403"]
[PlyCount "67"]
[EventDate "2015.10.02"]
[EventType "tourn"]
[EventRounds "9"]
[EventCountry "HUN"]
[EventCategory "9"]

1. d4 Nf6 2. c4 e6 3. Nc3 Bb4 4. e3 O-O 5. Bd3 d5 6. Nge2 dxc4 7. Bxc4 c5 8.
O-O Nc6 9. a3 Bxc3 10. bxc3 e5 11. Bb2 Qc7 12. Qc2 Na5 13. Ba2 cxd4 14. exd4
exd4 15. Qd3 Ng4 16. Ng3 Ne5 17. Qxd4 Nac4 18. Bc1 Rd8 19. Qh4 Be6 20. Bf4 Qc6
21. Bxe5 Nxe5 22. Bxe6 Qxe6 23. Rfe1 Re8 24. Qg5 f6 25. Qe3 Qb6 26. Qxb6 axb6
27. Re4 Rec8 28. Rb4 Ra6 29. Ne2 Rc4 30. a4 Rxb4 31. cxb4 b5 32. a5 Nc6 33. Rb1
b6 34. axb6 1/2-1/2

[Event "Héviz GM"]
[Site "Hévíz"]
[Date "2015.10.08"]
[Round "7.1"]
[White "Kantor, Gergely"]
[Black "Antic, Dejan"]
[Result "0-1"]
[WhiteElo "2403"]
[BlackElo "2487"]
[PlyCount "150"]
[EventDate "2015.10.02"]
[EventType "tourn"]
[EventRounds "9"]
[EventCountry "HUN"]
[EventCategory "9"]

1. d4 Nf6 2. c4 e6 3. Nf3 b6 4. g3 Ba6 5. b3 Bb7 6. Bg2 Bb4+ 7. Bd2 a5 8. O-O
O-O 9. a3 Be7 10. Nc3 d5 11. cxd5 exd5 12. Ne5 Na6 13. Bc1 c5 14. Bb2 Nc7 15.
e3 Ne6 16. Ne2 Rc8 17. Rc1 Ne4 18. dxc5 bxc5 19. Qc2 Nf6 20. Rfd1 Qb6 21. e4 d4
22. Nc4 Qc7 23. Rb1 Rfd8 24. Bc1 Ra8 25. Nf4 Nxf4 26. Bxf4 Qc6 27. f3 Bc8 28.
a4 Be6 29. Bf1 Nd7 30. Bd3 g5 31. Bd2 Bxc4 32. bxc4 Ne5 33. f4 Nf3+ 34. Kh1 Qh6
35. Bc1 Rab8 36. Rb5 Rxb5 37. axb5 a4 38. Qe2 g4 39. Ba3 Rb8 40. e5 Rb6 41. Be4
Qh5 42. Bc6 Rb8 43. Rd3 Kg7 44. Bxf3 gxf3 45. Qxf3 Qxf3+ 46. Rxf3 f6 47. Kg2
fxe5 48. fxe5 Kg6 49. Kf1 Rb6 50. g4 Re6 51. Rf5 h5 52. h3 hxg4 53. hxg4 d3 54.
Ke1 Bg5 55. Bxc5 Re8 56. b6 Rh8 57. Rxg5+ Kxg5 58. Kd2 Kxg4 59. Kxd3 Kf5 60.
Bd6 Rh3+ 61. Kc2 Rb3 62. c5 Ke6 63. Bc7 Rb5 64. b7 Rxb7 65. Bb6 Kd5 66. Kc3 Rh7
67. Kb4 Rh4+ 68. Ka3 Re4 69. e6 Kc6 70. e7 Kb5 71. Bd8 Re3+ 72. Ka2 Kxc5 73.
Kb2 Kb4 74. Bc7 Re2+ 75. Kb1 Kb3 0-1

[Event "Héviz GM"]
[Site "Hévíz"]
[Date "2015.10.08"]
[Round "7.2"]
[White "Vorobiov, Evgeny E"]
[Black "Kozak, Adam"]
[Result "1/2-1/2"]
[WhiteElo "2580"]
[BlackElo "2349"]
[PlyCount "75"]
[EventDate "2015.10.02"]
[EventType "tourn"]
[EventRounds "9"]
[EventCountry "HUN"]
[EventCategory "9"]

1. e4 e5 2. Nf3 Nc6 3. Nc3 Nf6 4. Be2 d5 5. exd5 Nxd5 6. O-O Nxc3 7. bxc3 Bd6
8. d4 O-O 9. Re1 exd4 10. cxd4 Bf5 11. Bd3 Qf6 12. c3 Rfe8 13. Be3 Bxd3 14.
Qxd3 h6 15. Bd2 Ne7 16. Re4 Ng6 17. Rae1 Rxe4 18. Qxe4 c6 19. g3 Nf8 20. Kg2
Qe6 21. Qb1 Qd7 22. c4 b6 23. Qe4 Rc8 24. Nh4 Ne6 25. Nf5 Bf8 26. h4 g6 27.
Nxh6+ Bxh6 28. Bxh6 Qxd4 29. Qf3 Qxc4 30. Qf6 Qd5+ 31. Kg1 Qh5 32. Rxe6 Qxh6
33. Rxc6 Rxc6 34. Qxc6 Qf8 35. a4 Qe7 36. Kg2 Kg7 37. Qc3+ Kh7 38. Qc6 1/2-1/2

[Event "Héviz GM"]
[Site "Hévíz"]
[Date "2015.10.08"]
[Round "7.3"]
[White "Korpa, Bence"]
[Black "Varga, Zoltan"]
[Result "1-0"]
[WhiteElo "2430"]
[BlackElo "2460"]
[PlyCount "113"]
[EventDate "2015.10.02"]
[EventType "tourn"]
[EventRounds "9"]
[EventCountry "HUN"]
[EventCategory "9"]

1. Nf3 d5 2. g3 c6 3. Bg2 Nf6 4. O-O Bg4 5. c4 e6 6. cxd5 Bxf3 7. Bxf3 cxd5 8.
Nc3 Nc6 9. Bg2 a6 10. d3 Be7 11. a3 Rc8 12. Bd2 d4 13. Ne4 Nd5 14. Rc1 Qb6 15.
b4 O-O 16. Nc5 Rfd8 17. Qa4 h6 18. Rc2 Nc3 19. Bxc3 dxc3 20. Bxc6 Rxc6 21. Rxc3
Bxc5 22. bxc5 Rxc5 23. Rfc1 Rxc3 24. Rxc3 g6 25. Qc2 Qd6 26. a4 Rd7 27. Rc5 Kg7
28. Rc8 e5 29. a5 h5 30. h4 Rd8 31. Rc4 Qa3 32. Rc5 Rd6 33. Qc3 Qxc3 34. Rxc3
b6 35. axb6 Rxb6 36. Ra3 f5 37. Kg2 Kf6 38. Ra5 Re6 39. Kf3 Ke7 40. Rd5 Kf6 41.
Rc5 Ke7 42. e4 Kf6 43. Ke3 Rb6 44. Ra5 fxe4 45. Kxe4 Rb4+ 46. Ke3 Rb6 47. f3
Rd6 48. Ra4 Kf5 49. g4+ hxg4 50. fxg4+ Ke6 51. Ke4 Rb6 52. h5 gxh5 53. gxh5 a5
54. h6 Kd7 55. h7 Rh6 56. Rxa5 Kc7 57. Ra8 1-0

[Event "Héviz GM"]
[Site "Hévíz"]
[Date "2015.10.08"]
[Round "7.4"]
[White "Horvath, Adam"]
[Black "Nomin-Erdene, Davaademberel"]
[Result "1-0"]
[WhiteElo "2535"]
[BlackElo "2424"]
[PlyCount "125"]
[EventDate "2015.10.02"]
[EventType "tourn"]
[EventRounds "9"]
[EventCountry "HUN"]
[EventCategory "9"]

1. e4 c6 2. d4 d5 3. e5 Bf5 4. h4 h5 5. Bd3 Bxd3 6. Qxd3 e6 7. Bg5 Be7 8. Nf3
Qa5+ 9. Nbd2 Nd7 10. O-O Bxg5 11. Nxg5 Ne7 12. c4 Nf5 13. g3 Rd8 14. c5 b6 15.
cxb6 axb6 16. a3 c5 17. b4 Qa4 18. Ndf3 c4 19. Qd2 Nb8 20. Rfb1 b5 21. Rc1 Nd7
22. Rc3 Qa7 23. Rd1 Nb6 24. Ne1 Na4 25. Rf3 Qe7 26. Qc2 g6 27. Ng2 Rc8 28. Rf4
Kd7 29. Ne3 Kc6 30. Rc1 Kb6 31. Qe2 Rc7 32. Rc2 Rhc8 33. Qf3 Qd7 34. Nh7 Qc6
35. Nf6 Rd8 36. Kg2 c3 37. Rxf5 gxf5 38. Qxh5 Ka6 39. Qg5 Nb6 40. h5 Rcc8 41.
h6 Nd7 42. Nd1 Nxf6 43. Rxc3 Qa8 44. Qxf6 Rh8 45. Qxf7 Rxc3 46. Nxc3 Rxh6 47.
Qd7 Qb7 48. Qd6+ Qb6 49. Qf8 Rh7 50. Qa8+ Ra7 51. Qc8+ Rb7 52. a4 Qxd4 53. Nxb5
Qxb4 54. Nd6 Qb6 55. Qxb7+ Qxb7 56. Nxb7 Kxb7 57. f3 Kb6 58. g4 d4 59. gxf5
exf5 60. f4 Kc5 61. Kf2 Kb4 62. Ke2 Kc3 63. Kd1 1-0

[Event "Héviz GM"]
[Site "Hévíz"]
[Date "2015.10.08"]
[Round "7.5"]
[White "Czebe, Attila"]
[Black "Pacher, Milan"]
[Result "0-1"]
[WhiteElo "2441"]
[BlackElo "2471"]
[PlyCount "74"]
[EventDate "2015.10.02"]
[EventType "tourn"]
[EventRounds "9"]
[EventCountry "HUN"]
[EventCategory "9"]

1. Nf3 d5 2. g3 Nf6 3. Bg2 e6 4. O-O Be7 5. b3 O-O 6. Bb2 c5 7. e3 b6 8. c4 Bb7
9. Nc3 dxc4 10. bxc4 Nc6 11. Qe2 Rc8 12. Rac1 Nb4 13. d4 Bxf3 14. Bxf3 cxd4 15.
exd4 Qxd4 16. a3 Nc6 17. Nb5 Qc5 18. Bxc6 Rxc6 19. Bd4 Qf5 20. Nxa7 Rd6 21. Nb5
Rc6 22. Na7 Rd6 23. Nb5 Rc6 24. f3 h5 25. Kg2 Ra8 26. Rc3 Bc5 27. Rd1 Bxd4 28.
Nxd4 Qa5 29. Nb5 Qxb5 30. cxb5 Rxc3 31. Rd6 Rcxa3 32. Kh3 Ra2 33. Qc4 g5 34.
Rxb6 g4+ 35. Kh4 gxf3 36. Kg5 R2a4 37. Qd3 Kg7 0-1

[Event "Héviz GM"]
[Site "Hévíz"]
[Date "2015.10.09"]
[Round "8.1"]
[White "Antic, Dejan"]
[Black "Pacher, Milan"]
[Result "0-1"]
[WhiteElo "2487"]
[BlackElo "2471"]
[PlyCount "122"]
[EventDate "2015.10.02"]
[EventType "tourn"]
[EventRounds "9"]
[EventCountry "HUN"]
[EventCategory "9"]

1. d4 d5 2. c4 c6 3. Nf3 Nf6 4. Nc3 dxc4 5. a4 Bf5 6. Nh4 e6 7. Nxf5 exf5 8. e3
Bd6 9. Bxc4 O-O 10. h3 Nbd7 11. Qf3 g6 12. g4 fxg4 13. hxg4 Qa5 14. Qh3 Rfe8
15. Bd2 Bb4 16. g5 Qxg5 17. O-O-O Nf8 18. Rdg1 Qa5 19. Qf3 Qd8 20. Kb1 Qe7 21.
Ka1 Rad8 22. Ne4 Nxe4 23. Bxb4 Qf6 24. Qg2 c5 25. dxc5 Qxf2 26. Qh3 Qc2 27.
Rxg6+ Kh8 28. Rgg1 Qxc4 29. Qh6 Rd1+ 30. Rxd1 Qxb4 31. Rd4 Qxc5 32. Rg1 Ng6 33.
Rh1 Nf8 34. Qf4 Qe7 35. Rd5 Ng6 36. Qh6 Nf6 37. Rf5 Kg8 38. Rhf1 Ng4 39. Qh3
N4e5 40. Rh1 Nf8 41. Qg2+ Neg6 42. Rhf1 Qe4 43. Qxe4 Rxe4 44. Rxf7 Rxa4+ 45.
Kb1 Rb4 46. Rc7 h5 47. Kc2 h4 48. Kc3 Rb5 49. e4 Ne6 50. Rc8+ Kg7 51. Rf5 Rb6
52. Rd5 h3 53. Rh5 Ngf4 54. Rh4 Rc6+ 55. Rxc6 bxc6 56. Kd2 Ng5 57. Rxf4 h2 58.
Rf1 Nxe4+ 59. Ke3 Ng3 60. Ra1 Kf6 61. Rc1 Ke5 0-1

[Event "Héviz GM"]
[Site "Hévíz"]
[Date "2015.10.09"]
[Round "8.2"]
[White "Nomin-Erdene, Davaademberel"]
[Black "Czebe, Attila"]
[Result "1-0"]
[WhiteElo "2424"]
[BlackElo "2441"]
[PlyCount "93"]
[EventDate "2015.10.02"]
[EventType "tourn"]
[EventRounds "9"]
[EventCountry "HUN"]
[EventCategory "9"]

1. e4 d6 2. d4 Nf6 3. Nc3 e5 4. Nf3 Nbd7 5. Bc4 Be7 6. O-O c6 7. a4 Qc7 8. b3
h6 9. h3 Nf8 10. Bb2 g5 11. dxe5 dxe5 12. Nxe5 Be6 13. Bxe6 Nxe6 14. Nd3 O-O-O
15. e5 Nd5 16. Ne4 Kb8 17. Nd6 Rhf8 18. Nf5 Ndf4 19. Qf3 Nxd3 20. cxd3 Nf4 21.
d4 Bb4 22. Nxh6 f5 23. exf6 Rxf6 24. Ng4 Rff8 25. Qe4 Nd5 26. Rad1 Rde8 27. Qc2
Nf4 28. Ne5 Bd6 29. Rfe1 a6 30. Nc4 Bb4 31. Re5 g4 32. hxg4 Rxe5 33. Nxe5 Bd6
34. Re1 Qd8 35. Bc1 Bxe5 36. dxe5 Qh4 37. Bxf4 Rh8 38. e6+ Ka8 39. Kf1 Qxg4 40.
f3 Qxf4 41. Qe4 Qg3 42. Kg1 Qh2+ 43. Kf2 Rg8 44. Rg1 Qd6 45. Qe3 Qe7 46. Rh1
Qg7 47. g4 1-0

[Event "Héviz GM"]
[Site "Hévíz"]
[Date "2015.10.09"]
[Round "8.3"]
[White "Varga, Zoltan"]
[Black "Horvath, Adam"]
[Result "1/2-1/2"]
[WhiteElo "2460"]
[BlackElo "2535"]
[PlyCount "27"]
[EventDate "2015.10.02"]
[EventType "tourn"]
[EventRounds "9"]
[EventCountry "HUN"]
[EventCategory "9"]

1. d4 Nf6 2. c4 g6 3. Nc3 Bg7 4. Bg5 O-O 5. e3 c6 6. Nf3 d5 7. h3 Ne4 8. Nxe4
dxe4 9. Nd2 c5 10. Nb3 cxd4 11. exd4 Nc6 12. Be3 e5 13. d5 Ne7 14. g4 1/2-1/2

[Event "Héviz GM"]
[Site "Hévíz"]
[Date "2015.10.09"]
[Round "8.4"]
[White "Kozak, Adam"]
[Black "Korpa, Bence"]
[Result "0-1"]
[WhiteElo "2349"]
[BlackElo "2430"]
[PlyCount "98"]
[EventDate "2015.10.02"]
[EventType "tourn"]
[EventRounds "9"]
[EventCountry "HUN"]
[EventCategory "9"]

1. d4 Nf6 2. c4 e6 3. Nc3 Bb4 4. e3 O-O 5. Bd3 d5 6. Nge2 dxc4 7. Bxc4 c5 8.
O-O cxd4 9. exd4 Nbd7 10. Bg5 Nb6 11. Bb3 Be7 12. Qd3 Bd7 13. Rfe1 Bc6 14. Nf4
Nfd5 15. Nfxd5 Nxd5 16. Bxd5 Bxg5 17. Bxc6 bxc6 18. Qc4 Rb8 19. b3 Be7 20. Rad1
Qd7 21. Na4 Rfd8 22. Rc1 Qxd4 23. Qxc6 Qd2 24. Qc7 Ba3 25. Ra1 Qd4 26. Qc2 Rbc8
27. Qe2 Qd2 28. Qf3 Qc2 29. Red1 Be7 30. a3 Bxa3 31. g3 Be7 32. Rxd8+ Rxd8 33.
Qe3 Bf6 34. Rc1 Rd1+ 35. Rxd1 Qxd1+ 36. Kg2 Bd4 37. Qe4 g6 38. Qa8+ Kg7 39. Qe4
Qd2 40. Qf3 f5 41. Qb7+ Kh6 42. Qe7 Qxf2+ 43. Kh3 Qf1+ 44. Kh4 Qc1 45. Qxe6
Qg5+ 46. Kh3 Qg4+ 47. Kg2 Qe4+ 48. Qxe4 fxe4 49. b4 Kg5 0-1

[Event "Héviz GM"]
[Site "Hévíz"]
[Date "2015.10.09"]
[Round "8.5"]
[White "Kantor, Gergely"]
[Black "Vorobiov, Evgeny E"]
[Result "0-1"]
[WhiteElo "2403"]
[BlackElo "2580"]
[PlyCount "112"]
[EventDate "2015.10.02"]
[EventType "tourn"]
[EventRounds "9"]
[EventCountry "HUN"]
[EventCategory "9"]

1. d4 Nf6 2. c4 e6 3. Nf3 d5 4. g3 dxc4 5. Bg2 a6 6. O-O Nc6 7. e3 Rb8 8. Nfd2
e5 9. Bxc6+ bxc6 10. dxe5 Ng4 11. Nxc4 Be6 12. Nbd2 h5 13. f3 Rb4 14. a3 Bxc4
15. Nxc4 Qxd1 16. Rxd1 Rxc4 17. fxg4 Rxg4 18. Rd4 Bc5 19. Rxg4 hxg4 20. Bd2 Rh5
21. Rc1 Rxe5 22. b4 Bb6 23. Rxc6 Rd5 24. Bc1 Kd7 25. Rc4 Rd6 26. Kf2 f5 27. Rc2
g5 28. Ke2 Re6 29. Kd3 Kd6 30. a4 c5 31. bxc5+ Bxc5 32. Bd2 Kd5 33. Rb2 Rh6 34.
Bc3 f4 35. e4+ Kc6 36. Be5 f3 37. Rc2 f2 38. Rc1 Rh7 39. Ke2 Rxh2 40. Rf1 Rg2
41. Ra1 Rg1 42. Rf1 Be3 43. Ra1 Kc5 44. Rf1 Kc4 45. a5 Kc5 46. Bc7 Kc6 47. Be5
Bc5 48. Rxf2 Bxf2 49. Kxf2 Rb1 50. Bf6 Rb4 51. e5 Kd5 52. Bxg5 Kxe5 53. Bf4+
Ke4 54. Ke2 Rb2+ 55. Bd2 Ra2 56. Ke1 Kf3 0-1

[Event "Héviz GM"]
[Site "Hévíz"]
[Date "2015.10.10"]
[Round "9.1"]
[White "Vorobiov, Evgeny E"]
[Black "Antic, Dejan"]
[Result "1/2-1/2"]
[WhiteElo "2580"]
[BlackElo "2487"]
[PlyCount "81"]
[EventDate "2015.10.02"]
[EventType "tourn"]
[EventRounds "9"]
[EventCountry "HUN"]
[EventCategory "9"]

1. d4 Nf6 2. c4 e6 3. Nf3 Bb4+ 4. Nbd2 O-O 5. a3 Be7 6. e3 b6 7. Bd3 Bb7 8. e4
d5 9. cxd5 exd5 10. e5 Ne4 11. Qc2 f5 12. exf6 Bxf6 13. Nxe4 Qe7 14. Ne5 Bxe5
15. dxe5 dxe4 16. Bc4+ Kh8 17. e6 Nc6 18. Qxe4 Na5 19. Bd5 Qc5 20. e7 Qxf2+ 21.
Kd1 Bxd5 22. Qxd5 Rfe8 23. Bd2 c6 24. Qe6 Nb7 25. b4 a5 26. Kc2 Nc5 27. bxc5
Qxc5+ 28. Bc3 Rxe7 29. Qg4 h5 30. Qd4 Qf5+ 31. Kc1 c5 32. Qd6 Rd7 33. Qe5 Qxe5
34. Bxe5 Re8 35. Bf4 Re2 36. Rb1 Rxg2 37. Rxb6 Rd3 38. Rb2 Rg4 39. Rf1 Rxa3 40.
Rff2 c4 41. Bd6 1/2-1/2

[Event "Héviz GM"]
[Site "Hévíz"]
[Date "2015.10.10"]
[Round "9.2"]
[White "Korpa, Bence"]
[Black "Kantor, Gergely"]
[Result "1-0"]
[WhiteElo "2430"]
[BlackElo "2403"]
[PlyCount "149"]
[EventDate "2015.10.02"]
[EventType "tourn"]
[EventRounds "9"]
[EventCountry "HUN"]
[EventCategory "9"]

1. Nf3 d5 2. g3 Nf6 3. Bg2 c6 4. O-O Bg4 5. c4 e6 6. cxd5 Bxf3 7. Bxf3 cxd5 8.
Nc3 Nc6 9. Bg2 Be7 10. d3 O-O 11. a3 Qb6 12. b4 Rfc8 13. Bd2 Nd7 14. Rc1 a5 15.
bxa5 Qa6 16. Rb1 Bxa3 17. Bh3 Nf6 18. Na4 Rc7 19. Nb6 Rd8 20. Qa4 Bd6 21. Rfc1
h6 22. Bf1 Qa7 23. d4 Nb8 24. e3 Na6 25. Rxc7 Bxc7 26. Qb3 Ne4 27. Be1 Nb8 28.
f3 Nd6 29. Qc3 Nc6 30. Qc5 Nc8 31. Bd3 Bxb6 32. axb6 Qb8 33. g4 Qd6 34. Qc3
N8e7 35. Bg3 Qd7 36. Ra1 Rc8 37. Bc7 f6 38. Qc5 Kf7 39. Qd6 Qxd6 40. Bxd6 e5
41. Ra4 Ke6 42. Bc7 Rh8 43. Bb5 Rc8 44. Kf2 exd4 45. exd4 Rf8 46. Ke3 g6 47.
Kd3 Rh8 48. Ra1 Kf7 49. Rc1 Nb4+ 50. Kd2 Ke6 51. Re1+ Kf7 52. Rxe7+ Kxe7 53.
Kc3 Na2+ 54. Kb2 Ra8 55. Bc6 Ra5 56. Bxb7 Kd7 57. Kb3 h5 58. gxh5 gxh5 59. Bf4
Rb5+ 60. Kxa2 Rxb6 61. Bxd5 Rb4 62. Be3 Kd6 63. Bb3 Rb7 64. Kb2 Rg7 65. Kc3 Rg2
66. Bf4+ Kd7 67. Kd3 Rf2 68. Ke3 Rb2 69. Bf7 h4 70. d5 Rb4 71. Be6+ Ke7 72. Bc7
Rb2 73. Bf5 Rb3+ 74. Kd4 Rxf3 75. d6+ 1-0

[Event "Héviz GM"]
[Site "Hévíz"]
[Date "2015.10.10"]
[Round "9.3"]
[White "Horvath, Adam"]
[Black "Kozak, Adam"]
[Result "1-0"]
[WhiteElo "2535"]
[BlackElo "2349"]
[PlyCount "47"]
[EventDate "2015.10.02"]
[EventType "tourn"]
[EventRounds "9"]
[EventCountry "HUN"]
[EventCategory "9"]

1. e4 e5 2. Nf3 Nc6 3. Nc3 Nf6 4. Bb5 Bb4 5. O-O d6 6. d3 a6 7. Bxc6+ bxc6 8.
Ne2 O-O 9. Ng3 Bc5 10. Bg5 h6 11. Bh4 Bg4 12. Nf5 Bxf5 13. exf5 Qd7 14. d4 Bxd4
15. Nxd4 exd4 16. Bxf6 gxf6 17. Qh5 Kh7 18. Rad1 c5 19. Rd3 Rh8 20. c3 dxc3 21.
bxc3 Rae8 22. Rg3 Re4 23. f3 Ree8 24. Rg6 1-0

[Event "Héviz GM"]
[Site "Hévíz"]
[Date "2015.10.10"]
[Round "9.4"]
[White "Czebe, Attila"]
[Black "Varga, Zoltan"]
[Result "1/2-1/2"]
[WhiteElo "2441"]
[BlackElo "2460"]
[PlyCount "38"]
[EventDate "2015.10.02"]
[EventType "tourn"]
[EventRounds "9"]
[EventCountry "HUN"]
[EventCategory "9"]

1. Nf3 d5 2. c4 e6 3. g3 dxc4 4. Qa4+ Bd7 5. Qxc4 c5 6. Bg2 Bc6 7. O-O Nf6 8.
d3 Nbd7 9. Qc2 Be7 10. Nc3 a6 11. a4 O-O 12. Rd1 b5 13. Bf4 Qc8 14. e4 Qb7 15.
d4 Nxe4 16. Ne5 Nxe5 17. Nxe4 Ng6 18. axb5 axb5 19. Rxa8 Qxa8 1/2-1/2

[Event "Héviz GM"]
[Site "Hévíz"]
[Date "2015.10.10"]
[Round "9.5"]
[White "Pacher, Milan"]
[Black "Nomin-Erdene, Davaademberel"]
[Result "1/2-1/2"]
[WhiteElo "2471"]
[BlackElo "2424"]
[PlyCount "87"]
[EventDate "2015.10.02"]
[EventType "tourn"]
[EventRounds "9"]
[EventCountry "HUN"]
[EventCategory "9"]

1. e4 c6 2. d4 d5 3. exd5 cxd5 4. c4 e6 5. Nc3 Bb4 6. Nf3 Ne7 7. cxd5 exd5 8.
Bd3 Bf5 9. O-O Bxd3 10. Qxd3 Nbc6 11. Bd2 a6 12. Rae1 Qd6 13. Ne5 O-O 14. Bf4
Qf6 15. Qg3 Qf5 16. Nd3 Ng6 17. Nxb4 Nxf4 18. Nxc6 bxc6 19. Re5 Qf6 20. Qg4 Nd3
21. Rf5 Qe6 22. b3 g6 23. Rg5 Qf6 24. Ne2 Rae8 25. Ng3 Kh8 26. Qh4 Re1 27. Nf5
Qe6 28. Ne3 Rxf1+ 29. Kxf1 f5 30. Rg3 f4 31. Rh3 h5 32. Qg4 Re8 33. Qxe6 Rxe6
34. Nc2 Nc1 35. a3 Ne2 36. Rd3 Kg7 37. Nb4 a5 38. Nxc6 Nc1 39. Nd8 Rb6 40. Rc3
Nxb3 41. Rc6 Rxc6 42. Nxc6 Nd2+ 43. Ke2 Nc4 44. a4 1/2-1/2